000 00938nam a2200265Ia 4500
003 OSt
005 20221005112135.0
006 a|||||r|||| 00| 0
007 ta
008 221004b |||||||| |||| 00| 0 pan d
020 _cIndian Rupees 35
024 _a33765
037 _bGift, 27/09/2017,
_cTextual
040 _aCRL
_cCRL
_bpan
041 _2pan
_apan
082 _aV236.M8, 153Q4
100 _aਗੁਰਬਚਨ ਸਿੰਘ, ਂਚ.
245 0 _aਬੱਬਰ ਅਕਾਲੀ ਲਹਿਰ ਅਤੇ ਇਸ ਦੇ ਆਗੂ
260 _aਅੰਮ੍ਰਿਤਸਰ
_bਸਿੱਖ ਇਤਿਹਾਸ ਰੀਸਰਚ ਬੋਰਡ ਭਾਰਤ
_c2014
300 _a108ਪ੍ਰ0
_ccm.
650 _a ਪੰਜਾਬ-ਇਤਿਹਾਸ
650 _aਇਤਿਹਾਸ
942 _hV236.M8, 153Q4
_cTEXL
_2cc
999 _c1023934
_d1023934